000 00744nam a22002177a 4500
005 20250707153107.0
010 _aENG-145743
020 _c829.00
_a9789361595844
035 _aEN-129275
037 _bDBAD
082 _a621.434
_21
100 _aMandal, Bijan Kumar
_982710
245 _aFundamentals of Internal Combustion Engines/
_cBijan Kumar Mandal; Amitava Sarkar [and] Ambarish Datta
250 _a1
260 _aNoida
_bPearson India Education
_c2025
270 _a15th Floor, Towe-B, World Trade Tower, Plot No.1, Block-C, Sector-16
_bNoida
_e201301
300 _a851p.
_c23cm(pb)
700 _aSarkar, Amitava
_eAuthor
_982711
700 _aDatta, Ambarish
_eAuthor
_982712
942 _2ddc
_cEN
_h621.434
_mMAN
999 _c212193
_d212193